Music Quiz

Random Music Quiz

Drum Corps International Top 25 1980 Quiz Stats

 Plays Quiz not verified by Sporcle

Score 0/25 Timer 12:00
0 Plays Today
Place Corps % Correct
1Blue Devils
100%
5Phantom Regiment
96.3%
6Madison Scouts
96.3%
7Santa Clara Vanguard
96.3%
9Cavaliers
96.3%
10Garfield Cadets
96.3%
227th Lancers
94.4%
4Spirit of Atlanta
94.4%
25Boston Crusaders
94.4%
3Bridgemen
92.6%
8Crossmen
92.6%
13Blue Stars
92.6%
11North Star
90.7%
Place Corps % Correct
19Freelancers
90.7%
14Troopers
88.9%
12Guardsmen
85.2%
15Seattle Imperials
81.5%
16Long Island Kingsmen
79.6%
17Sky Ryders
77.8%
23Avant Garde
77.8%
18Defenders
74.1%
22St. Croix Rivermen
68.5%
24Royal Crusaders
66.7%
20Memphis Blues
63%
21Royal Brigade
61.1%

You're not logged in!

Compare scores with friends on all Sporcle quizzes.
OR
Log In

Show Comments

Extras

Created Oct 18, 2010SourceReportNominate
Tags:1980, corp, dci, place, score, Top 25

Top Quizzes Today


Score Distribution

Your Account Isn't Verified!

In order to create a playlist on Sporcle, you need to verify the email address you used during registration. Go to your Sporcle Settings to finish the process.

Report this User

Report this user for behavior that violates our Community Guidelines.

Details: